000 01260nam a2200229Ia 4500
999 _c36922
_d36922
001 2873
003 GE_BSU
005 20251104204942.0
008 181216s|199||||ge |||||||||||||| ||geo||
040 _cGE_BSU
041 _ageo
080 _a657.3+657.15 ძ–34
100 _aძაძამია, რევაზ
_9885
245 _aბუღალტრული აღრიცხვა და ანგარიშგება :
_b,,მეწარმეთა შესახებ'' საქართველოს კანონის მეცამეტე მუხლის კომენტარები /
_c რევაზ ძაძამია; ლავრნტი ჭუმბურიძე; რედ : თეიმურაზ კოპალეიშვილი
264 _aთბილისი .:
_bთერგი,
_c1997.
300 _a88 გვ ;
_c 20 სმ.
653 _aბუღალტრული აღრიცხვის სამართალი
653 _aბუღალტერია
700 _a ჭუმბურიძე, ლავრენტი
_9886
700 _aკოპალეიშვილი, თეიმურაზ
_eრედაქტორი
_9887
942 _cBK
_2udc